So sánh năng suất cây bắp cải ở xã Tham Đôn, huyện Mỹ Xuyên, tỉnh Sóc Trăng Khóa luận tốt nghiệp. Chuyên ngành: Khoa học canh tác cây trồng

Đã lưu trong:
書目詳細資料
主要作者: Đình, Thị Si Môl
Nhiều tác giả của công ty: Trường Đại học Trà Vinh, Khoa Nông nghiệp - Thủy sản
其他作者: Đình Thị Si Môl; Đặng Thái Hòa
語言:Undetermined
出版: Trà Vinh Trường Đại học Trà Vinh 2019
主題:
標簽: 添加標簽
沒有標簽, 成為第一個標記此記錄!
Thư viện lưu trữ: Trung tâm Học liệu Trường Đại học Trà Vinh
LEADER 00965nam a2200289Ia 4500
001 TVU_31921
008 210423s9999 xx 000 0 und d
041 |a Vie 
082 |a 635.34 
082 |b M452 
100 |a Đình, Thị Si Môl 
245 0 |a So sánh năng suất cây bắp cải ở xã Tham Đôn, huyện Mỹ Xuyên, tỉnh Sóc Trăng 
245 0 |b Khóa luận tốt nghiệp. Chuyên ngành: Khoa học canh tác cây trồng 
245 0 |c Đình Thị Si Môl ; Đặng Thái Hòa (GVHD) 
260 |a Trà Vinh 
260 |b Trường Đại học Trà Vinh 
260 |c 2019 
300 |a xvii, 40 tr. 
300 |b hình màu 
300 |c 30 cm 
504 |a Thư mục: tr.i 
650 |a Bắp cải 
700 |a Đình Thị Si Môl; Đặng Thái Hòa  
700 |e GVHD 
710 |a Trường Đại học Trà Vinh 
710 |b Khoa Nông nghiệp - Thủy sản 
980 |a Trung tâm Học liệu Trường Đại học Trà Vinh